| 000 | 00711nam a2200229Ia 4500 | ||
|---|---|---|---|
| 005 | 20241129111346.0 | ||
| 008 | 241129s9999||||xx |||||||||||||| ||und|| | ||
| 020 | _a978-1-032-02937-5 | ||
| 037 | _aTB | ||
| 040 |
_aCRL _beng _cCRL |
||
| 041 |
_aeng _2eng |
||
| 084 |
_aX:95.3 R2 _qCRL |
||
| 100 |
_aKirton Gill Au.; Greene Anne - Marie Au. _9724192 |
||
| 245 | 0 |
_aDynamics of managing diversity and inclusion: a critical approach _cKirton Gill Au.; Greene Anne - Marie Au. |
|
| 250 | _a5th | ||
| 260 |
_aLondon, UK _bRoutledge _c2022 |
||
| 300 | _axiii,355p. | ||
| 365 |
_aUKP _b56.99 |
||
| 650 |
_aEconomicsPersonal Management _9726342 |
||
| 942 |
_cTB _hX:95.3 R2 |
||
| 999 |
_c1230099 _d1230099 |
||